000 00329nam a22001337a 4500
008 171030b xxu||||| |||| 00| 0 eng d
020 _a9780673521415
041 _aeng
080 _23RD
_a336
100 _a56
101 _aFIN
245 _aTHE ECONOMICS OF MONEY, BANKING AND FINANCIAL MARKETS
_cMISHKIN,F.S
942 _2udc
_cBK
999 _c36352
_d36352